[Event "Titled Tue 27th May Early"]
[Site "chess.com INT"]
[Date "2025.05.27"]
[Round "9"]
[White "Pakleza, Zbigniew"]
[Black "Jake Shanty"]
[Result "1-0"]
[WhiteTitle "GM"]
[BlackTitle "FM"]
[WhiteElo "2484"]
[BlackElo "2252"]
[WhiteFideId "1119290"]
[BlackFideId "33478066"]
[EventDate "2025.05.27"]

1. d4 d5 2. Nf3 Nf6 3. Bf4 c5 4. c3 cxd4 5. cxd4 Nc6 6. Nc3 Bf5 7. Qb3 Na5 8.
Qa4+ Bd7 9. Qc2 e6 10. e3 Rc8 11. Bd3 Nc4 12. O-O Be7 13. Rfc1 O-O 14. Ne5 b5
15. Qe2 a6 16. a4 Qb6 17. Bg5 Be8 18. axb5 axb5 19. Bxf6 Bxf6 20. f4 Bxe5 21.
fxe5 b4 22. Ne4 Bb5 23. Nf6+ gxf6 24. exf6 Ne5 25. Bxh7+ Kh8 26. Qh5 Rxc1+ 27.
Rxc1 Be2 28. Qh4 Nf3+ 29. gxf3 Bxf3 30. Bg6+ Kg8 31. Qh7# 1-0

[Event "Titled Tue 27th May Early"]
[Site "chess.com INT"]
[Date "2025.05.27"]
[Round "9"]
[White "Dilmukhametov, Artur"]
[Black "Goncharov, Vladimir"]
[Result "0-1"]
[WhiteTitle "FM"]
[WhiteElo "2276"]
[BlackElo "2077"]
[WhiteFideId "24179922"]
[BlackFideId "34162256"]
[EventDate "2025.05.27"]

1. d4 Nf6 2. f3 c5 3. e4 cxd4 4. Qxd4 Nc6 5. Qd1 d6 6. Nc3 g6 7. Bc4 Bg7 8. Nge2
O-O 9. Be3 a6 10. Nd4 Ne5 11. Bb3 b5 12. Qd2 Bb7 13. Bh6 Qb6 14. Bxg7 Kxg7 15.
h4 h6 16. h5 Rh8 17. Rd1 e6 18. Qf4 Rac8 19. a4 bxa4 20. Nxa4 Qa5+ 21. Nc3 Nc4
22. Bxc4 Rxc4 23. hxg6 Rxd4 24. Rxd4 e5 25. Qd2 exd4 26. Qxd4 Qc5 27. Qd2 fxg6
28. Ke2 Re8 29. Ra1 d5 30. Kf1 dxe4 31. fxe4 Bxe4 32. Nxe4 Nxe4 33. Qd7+ Re7 34.
Qd2 Nxd2# 0-1

[Event "Titled Tue 27th May Early"]
[Site "chess.com INT"]
[Date "2025.05.27"]
[Round "9"]
[White "Galchenko, Matvey"]
[Black "Khamdamova, Afruza"]
[Result "1-0"]
[WhiteTitle "IM"]
[BlackTitle "WIM"]
[WhiteElo "2442"]
[BlackElo "2344"]
[WhiteFideId "24175480"]
[BlackFideId "14210444"]
[EventDate "2025.05.27"]

1. f4 d5 2. Nf3 Nf6 3. g3 g6 4. Bg2 Bg7 5. O-O O-O 6. d3 c5 7. Ne5 Nc6 8. Nxc6
bxc6 9. e4 Ba6 10. e5 Nd7 11. Qe2 c4 12. d4 Qb6 13. Nc3 e6 14. Rb1 c5 15. dxc5
Nxc5 16. Be3 Qa5 17. Rfd1 Rac8 18. Qf2 Rfd8 19. a3 Bf8 20. g4 Na4 21. Nxa4 Qxa4
22. c3 Rd7 23. f5 Qc6 24. Rf1 Qc7 25. Rbe1 Rb8 26. Re2 Bg7 27. Bd4 Re8 28. Qf4
Bc8 29. h4 exf5 30. gxf5 gxf5 31. Qg5 Re6 32. h5 h6 33. Qxf5 Rde7 34. Bxd5 Rg6+
35. Qxg6 Be6 36. Bxe6 Rxe6 37. Qg4 Qe7 38. Rg2 1-0

[Event "Titled Tue 27th May Early"]
[Site "chess.com INT"]
[Date "2025.05.27"]
[Round "9"]
[White "Hobaica, Juan Pablo"]
[Black "Nguyen Quang Anh"]
[Result "1-0"]
[WhiteTitle "IM"]
[BlackTitle "CM"]
[WhiteElo "2412"]
[BlackElo "2052"]
[WhiteFideId "104159"]
[BlackFideId "12432377"]
[EventDate "2025.05.27"]

1. e4 e6 2. d4 d5 3. Nc3 Bb4 4. e5 c5 5. Bd2 Bxc3 6. bxc3 c4 7. Qg4 g6 8. h4 h6
9. h5 g5 10. f4 f5 11. exf6 Nxf6 12. Qe2 Ne4 13. fxg5 Nxd2 14. Qe5 Rg8 15. gxh6
Nc6 16. h7 Rf8 17. Qg7 Ne4 18. Qxf8+ Kxf8 19. h8=Q+ Ke7 20. Qg7+ Kd6 21. h6 Bd7
22. h7 Qa5 23. Ne2 Nxc3 24. h8=Q Rxh8 25. Rxh8 Nxe2+ 26. Kxe2 Qc3 27. Rd1 Qxc2+
28. Rd2 Qe4+ 29. Kf2 Qf4+ 30. Ke1 Qe3+ 31. Re2 Qc1+ 32. Kf2 Qf4+ 33. Kg1 Nxd4
34. Rf2 Qe4 35. Qf8+ Kc7 36. Qf4+ Qxf4 37. Rxf4 e5 38. Rf7 Kd6 39. Rd8 Kc6 40.
Rdxd7 c3 41. Rxb7 Kd6 42. Rfd7+ Ke6 43. Rdc7 c2 44. Bd3 e4 45. Bxc2 1-0

[Event "Titled Tue 27th May Early"]
[Site "chess.com INT"]
[Date "2025.05.27"]
[Round "9"]
[White "Calvo Gonzalez, Jose Felix"]
[Black "Devagharan, Devina"]
[Result "1-0"]
[WhiteTitle "CM"]
[BlackTitle "WFM"]
[WhiteElo "2168"]
[BlackElo "1860"]
[WhiteFideId "54505615"]
[BlackFideId "2061600"]
[EventDate "2025.05.27"]

1. e4 c6 2. d4 d5 3. exd5 cxd5 4. c4 Nf6 5. Nc3 g6 6. Qb3 a5 7. cxd5 Na6 8. g3
Nb4 9. Bg2 Nd3+ 10. Kf1 Nxc1 11. Rxc1 Bh6 12. f4 O-O 13. Nf3 a4 14. Qc4 b5 15.
Qb4 Bb7 16. Ne5 Nxd5 17. Nxd5 Bxd5 18. Rc5 Bxa2 19. Kf2 Rc8 20. Rhc1 Rxc5 21.
Rxc5 Bb3 22. d5 Bg7 23. Nc6 Qd7 24. Rxb5 Re8 25. Rb7 Qg4 26. Nxe7+ Kh8 27. d6
Qd1 28. Bf3 Bd4+ 29. Kg2 Qg1+ 30. Kh3 Be6+ 31. f5 Qf1+ 32. Bg2 Qxf5+ 33. Nxf5
Bxf5+ 34. g4 Re3+ 35. Bf3 Rxf3+ 36. Kg2 Be4 37. Qxd4+ 1-0

[Event "Titled Tue 27th May Early"]
[Site "chess.com INT"]
[Date "2025.05.27"]
[Round "9"]
[White "Maglioni, Leonardo"]
[Black "Dambaev, Dashi"]
[Result "1-0"]
[BlackTitle "CM"]
[WhiteElo "2069"]
[BlackElo "2211"]
[WhiteFideId "2896830"]
[BlackFideId "55628494"]
[EventDate "2025.05.27"]

1. d4 Nf6 2. Bf4 d5 3. e3 c5 4. c3 Nc6 5. Nf3 Qb6 6. Qb3 c4 7. Qxb6 axb6 8. Be2
b5 9. O-O Bf5 10. Nbd2 b4 11. Ne5 e6 12. h3 h6 13. f3 Nxe5 14. Bxe5 Nd7 15. Bg3
Be7 16. e4 Bg6 17. exd5 exd5 18. f4 Bf5 19. Bf2 Nf6 20. g4 Be4 21. Bh4 Kd7 22.
Bxf6 Bxf6 23. Nxe4 dxe4 24. Bxc4 bxc3 25. bxc3 Ra3 26. Bb3 Rc8 27. Rae1 Rxc3 28.
Rxe4 Ra6 29. Bxf7 Rxh3 30. Kg2 Rd3 31. Rb1 Rxd4 32. Rxb7+ Kc6 33. Rxd4 Bxd4 34.
Rb4 Bc5 35. Re4 Ra3 36. Bb3 1-0

[Event "Titled Tue 27th May Early"]
[Site "chess.com INT"]
[Date "2025.05.27"]
[Round "9"]
[White "Sychev, Klementy"]
[Black "Le, Tuan Minh"]
[Result "1-0"]
[WhiteTitle "GM"]
[BlackTitle "GM"]
[WhiteElo "2542"]
[BlackElo "2598"]
[WhiteFideId "4114060"]
[BlackFideId "12401153"]
[EventDate "2025.05.27"]

1. h4 e5 2. c4 Nc6 3. Nc3 f5 4. e3 Nf6 5. d4 Bb4 6. Ne2 O-O 7. a3 Bxc3+ 8. Nxc3
d6 9. Be2 exd4 10. exd4 h6 11. Bf4 Re8 12. O-O Ne4 13. h5 Bd7 14. Nd5 Nf6 15.
Nc3 Qe7 16. Re1 a6 17. Rc1 Kh8 18. Qd2 Qf7 19. b3 Re7 20. Bf3 Rae8 21. Rxe7 Rxe7
22. Nd5 Nxd5 23. cxd5 Na7 24. Rxc7 Nb5 25. Rxb7 Qf6 26. Rb6 Nxd4 27. Bd1 Re4 28.
f3 Rxf4 29. Qxf4 Nb5 30. Be2 Nc3 31. Bc4 Qe7 32. Rxd6 Bc8 33. Rc6 Bd7 34. Rxa6
Bb5 35. Bxb5 Qe1+ 36. Kh2 1-0

[Event "Titled Tue 27th May Early"]
[Site "chess.com INT"]
[Date "2025.05.27"]
[Round "9"]
[White "Vykouk, Jan"]
[Black "Mikhailovsky, Vladimir"]
[Result "0-1"]
[WhiteTitle "IM"]
[BlackTitle "CM"]
[WhiteElo "2496"]
[BlackElo "2215"]
[WhiteFideId "349658"]
[BlackFideId "34105414"]
[EventDate "2025.05.27"]

1. e4 c5 2. Nf3 Nc6 3. d4 cxd4 4. Nxd4 Nf6 5. Nc3 e5 6. Ndb5 d6 7. Bg5 a6 8. Na3
b5 9. Nd5 Be7 10. Bxf6 Bxf6 11. c4 b4 12. Nc2 a5 13. g3 h5 14. Bg2 h4 15. b3 Bg5
16. Qd3 Be6 17. Rd1 Rh6 18. f4 exf4 19. gxf4 h3 20. Bf3 Bxf4 21. Nxf4 Qh4+ 22.
Ke2 Qxf4 23. Qe3 Qe5 24. Nd4 Nxd4+ 25. Qxd4 a4 26. Qxe5 dxe5 27. Rd2 axb3 28.
axb3 Ra3 29. Rb1 Rf6 30. Bh1 Bg4+ 31. Ke1 Bf3 32. Bxf3 Rxf3 33. Rd5 Re3+ 34. Kd2
Rxe4 35. Rb5 Ra2+ 36. Kd3 Rd4+ 37. Ke3 f6 38. Rxb4 Rxh2 39. Ra1 Rhd2 40. Rb7 Rd7
41. Ra8+ Ke7 42. Rbb8 Ke6 43. Re8+ Kf5 44. Rh8 R7d3# 0-1

[Event "Titled Tue 27th May Early"]
[Site "chess.com INT"]
[Date "2025.05.27"]
[Round "9"]
[White "Brancaleoni, Maurizio"]
[Black "Shevkunov, Vladyslav"]
[Result "1-0"]
[WhiteTitle "FM"]
[WhiteElo "2185"]
[BlackElo "2073"]
[WhiteFideId "803022"]
[BlackFideId "30953448"]
[EventDate "2025.05.27"]

1. Nf3 d5 2. d4 Nf6 3. c4 e6 4. g3 dxc4 5. Bg2 c5 6. O-O Nc6 7. dxc5 Qxd1 8.
Rxd1 Bxc5 9. Nbd2 c3 10. bxc3 O-O 11. Nb3 Be7 12. c4 Ne4 13. Bb2 Nc5 14. Rac1
Nb4 15. Ba3 Nxb3 16. axb3 a5 17. Nd4 e5 18. Nb5 Bg4 19. Bxb7 Bg5 20. Bxa8 Bxc1
21. Rxc1 Rxa8 22. f3 Bf5 23. Bxb4 axb4 24. Kf2 Ra2 25. Nd6 Bd7 26. c5 Bc6 27.
Nc4 f6 28. Rd1 h6 29. Rd6 Bb5 30. Rb6 Bxc4 31. bxc4 Ra5 32. Rb5 Ra4 33. c6 b3
34. c7 Rxc4 35. Rb8+ Kf7 36. c8=Q Rxc8 37. Rxc8 b2 38. Rb8 Kg6 39. Rxb2 Kg5 40.
h4+ Kh5 41. Kg2 e4 42. Kh3 exf3 43. exf3 f5 44. Rb6 g5 45. g4+ 1-0

[Event "Titled Tue 27th May Early"]
[Site "chess.com INT"]
[Date "2025.05.27"]
[Round "9"]
[White "Swara Lakshmi S Nair"]
[Black "Sagalchik, Gennadij"]
[Result "1-0"]
[WhiteTitle "WCM"]
[BlackTitle "GM"]
[WhiteElo "2178"]
[BlackElo "2434"]
[WhiteFideId "25629239"]
[BlackFideId "2007916"]
[EventDate "2025.05.27"]

1. e4 c6 2. d4 d5 3. Nc3 dxe4 4. Nxe4 Nf6 5. Nxf6+ exf6 6. c3 Bd6 7. Bd3 O-O 8.
Qc2 h5 9. Ne2 Re8 10. O-O Nd7 11. Bd2 Nf8 12. Rae1 Qc7 13. h3 Be6 14. Qd1 a5 15.
c4 Rad8 16. Qa4 Ra8 17. c5 Be7 18. Nf4 Bd7 19. Nxh5 Ng6 20. Qc2 Nh4 21. Bf4 Qd8
22. Bg3 f5 23. Bxf5 Nxf5 24. Be5 f6 25. Bf4 Bf8 26. Qc4+ Kh7 27. Qd3 Kh8 28. g4
Ne7 29. Qg3 Ng6 30. Bc7 Qc8 31. g5 f5 32. Nf4 Nxf4 33. Bxf4 Kg8 34. g6 Qd8 35.
Bg5 1-0

[Event "Titled Tue 27th May Early"]
[Site "chess.com INT"]
[Date "2025.05.27"]
[Round "9"]
[White "Leschinsky, Gary"]
[Black "Shubenkova, Veronika"]
[Result "1-0"]
[BlackTitle "WFM"]
[WhiteElo "1992"]
[BlackElo "2024"]
[WhiteFideId "30951321"]
[BlackFideId "44124040"]
[EventDate "2025.05.27"]

1. d4 d5 2. c4 e6 3. Nc3 f5 4. Bf4 c6 5. e3 Nf6 6. Nf3 Bd6 7. Bxd6 Qxd6 8. c5
Qe7 9. Ne5 Nbd7 10. Nxd7 Bxd7 11. f4 O-O 12. Bd3 b6 13. b4 a5 14. a3 Ng4 15. Ke2
Qh4 16. g3 Qh5 17. Kd2 axb4 18. axb4 Rxa1 19. Qxa1 Nf2 20. Be2 Qh6 21. Qa7 Nxh1
22. Qxd7 bxc5 23. dxc5 Qxh2 24. Qxe6+ Kh8 25. Qxc6 Nxg3 26. Qxd5 Qf2 27. Qd4 Re8
28. c6 Nf1+ 29. Kc1 Qe1+ 30. Kb2 Ng3 31. Qd1 Qf2 32. Qd3 Qxe3 33. Qxe3 Rxe3 34.
c7 Re8 35. Ba6 h5 36. b5 h4 37. b6 h3 38. b7 h2 39. c8=Q Kh7 40. Qxe8 h1=Q 41.
b8=Q Qg2+ 42. Kb3 Qg1 43. Qg8+ Kh6 44. Qd6+ Kh5 45. Qh7+ Kg4 46. Qxg7+ Kf3 47.
Bb7+ Kf2 48. Qdd4+ Kf1 49. Qxg1+ Kxg1 50. Qxg3+ Kf1 51. Qg2+ Ke1 52. Qe2# 1-0

[Event "Titled Tue 27th May Early"]
[Site "chess.com INT"]
[Date "2025.05.27"]
[Round "9"]
[White "Emeliantsev, Anatoliy"]
[Black "Kakavand, Ramtin"]
[Result "0-1"]
[WhiteTitle "FM"]
[BlackTitle "FM"]
[WhiteElo "2359"]
[BlackElo "2179"]
[WhiteFideId "4160681"]
[BlackFideId "32790597"]
[EventDate "2025.05.27"]

1. d4 d6 2. c4 e5 3. Nf3 Nd7 4. Nc3 Ngf6 5. Bg5 Be7 6. e3 O-O 7. Be2 c6 8. O-O
h6 9. Bh4 Qc7 10. h3 a5 11. Bg3 Re8 12. Qc2 Bf8 13. c5 exd4 14. Nxd4 Nxc5 15.
Bf3 Qb6 16. Rfd1 d5 17. Rab1 Ne6 18. Nf5 Ng5 19. Be2 Nge4 20. Nxe4 Nxe4 21. Nd4
Nxg3 22. fxg3 Rxe3 23. Kh2 Re4 24. Nf3 Bd6 25. Bd3 Re8 26. Re1 Be6 27. Bf5 Qc7
28. Bxe6 Rxe6 29. Kh1 Rae8 30. Rxe6 Rxe6 31. Nd4 Re4 32. Nf5 Bxg3 33. Rf1 Bf4
34. Qc3 Qe5 35. Qxa5 Qxf5 36. Qd8+ Kh7 37. g3 Qxh3+ 0-1

[Event "Titled Tue 27th May Early"]
[Site "chess.com INT"]
[Date "2025.05.27"]
[Round "9"]
[White "Vlassov, Nikolai"]
[Black "Preobrazhenskaya, Diana"]
[Result "1-0"]
[WhiteTitle "IM"]
[BlackTitle "WFM"]
[WhiteElo "2291"]
[BlackElo "2103"]
[WhiteFideId "4103360"]
[BlackFideId "34270566"]
[EventDate "2025.05.27"]

1. e4 c5 2. c3 d5 3. exd5 Nf6 4. d4 Nxd5 5. dxc5 e6 6. b4 a5 7. Qb3 Nc6 8. Bb5
Qf6 9. Bb2 Qg6 10. Ne2 Qxg2 11. Rg1 Qxh2 12. Nd2 Be7 13. Rxg7 Bf6 14. Rg3 Bd7
15. O-O-O Qh5 16. Ne4 Qh6+ 17. Kb1 axb4 18. Nxf6+ Qxf6 19. cxb4 Qf5+ 20. Bd3 Qh5
21. Bxh8 Ke7 22. Bb2 Ncxb4 23. Ba3 Ba4 24. Qb2 Bxd1 25. Bxb4 Nxb4 26. Qxb4 Bxe2
27. c6+ Kf6 28. cxb7 Qh1+ 29. Kb2 Bxd3 30. bxa8=Q Qxa8 31. Qd4+ e5 32. Qxd3 Qb7+
33. Qb3 Qe4 34. Rf3+ Kg5 35. Qxf7 Qe2+ 36. Kb3 Qd1+ 37. Kc4 Qc2+ 38. Kb5 1-0

[Event "Titled Tue 27th May Early"]
[Site "chess.com INT"]
[Date "2025.05.27"]
[Round "9"]
[White "Reprintsev, Alexander"]
[Black "Asish Panda"]
[Result "0-1"]
[WhiteTitle "IM"]
[WhiteElo "2256"]
[BlackElo "1911"]
[WhiteFideId "14100541"]
[BlackFideId "45012458"]
[EventDate "2025.05.27"]

1. e4 e6 2. Nf3 d5 3. e5 c5 4. b4 d4 5. c3 dxc3 6. Nxc3 cxb4 7. Ne4 Nc6 8. Bb5
Qd5 9. Qe2 Bd7 10. Bc4 Qa5 11. O-O Nh6 12. Bb2 Be7 13. Nd6+ Bxd6 14. exd6 O-O
15. Rfe1 Rac8 16. Bb3 Qh5 17. h3 a5 18. Qe4 Qg6 19. Qf4 Nf5 20. Bc2 Qh6 21. Qg4
Nxd6 22. Ng5 Nf5 23. Rac1 Nce7 24. Ne4 Qg6 25. Qe2 Bc6 26. Ng3 Nxg3 27. fxg3
Qxg3 28. Be5 Qg5 29. d4 Nf5 30. Bd3 Nh4 31. Be4 Bxe4 32. Rxc8 Rxc8 33. Qxe4 h6
34. g3 Nf5 35. Bf4 Qg6 36. d5 exd5 37. Qxd5 Nxg3 38. Kh2 Nh5 39. Bd2 Nf6 40. Qd6
Ng4+ 0-1

[Event "Titled Tue 27th May Early"]
[Site "chess.com INT"]
[Date "2025.05.27"]
[Round "9"]
[White "Eljanov, Pavel"]
[Black "Duda, Jan-Krzysztof"]
[Result "1/2-1/2"]
[WhiteTitle "GM"]
[BlackTitle "GM"]
[WhiteElo "2668"]
[BlackElo "2739"]
[WhiteFideId "14102951"]
[BlackFideId "1170546"]
[EventDate "2025.05.27"]

1. d4 d5 2. Nf3 Nf6 3. Bf4 c5 4. e3 Nc6 5. Nbd2 Nh5 6. Be5 e6 7. Bb5 Bd7 8. a4
h6 9. h3 a6 10. Be2 cxd4 11. exd4 Nxe5 12. Nxe5 Nf4 13. g3 Nxe2 14. Qxe2 Bd6 15.
c3 O-O 16. Nxd7 Qxd7 17. O-O Rac8 18. a5 Rc6 19. Nf3 Rfc8 20. Ne5 Bxe5 21. Qxe5
Rc4 22. Ra3 Ra4 23. Rfa1 Rxa3 24. Rxa3 f6 25. Qe2 Re8 26. Rb3 e5 27. Qg4 f5 28.
Qg6 exd4 29. cxd4 Re6 30. Qh5 Re4 31. Rf3 Re1+ 32. Kh2 Qb5 33. Qxf5 Qf1 34.
Qxd5+ Kh7 35. Qf5+ Kg8 36. Qf8+ Kh7 37. Qf5+ Kg8 38. Qf7+ Kh8 39. Qf8+ Kh7 40.
Qf5+ 1/2-1/2

[Event "Titled Tue 27th May Early"]
[Site "chess.com INT"]
[Date "2025.05.27"]
[Round "9"]
[White "Jval Saurin Patel"]
[Black "Pribelszky, Bence"]
[Result "0-1"]
[WhiteTitle "FM"]
[BlackTitle "IM"]
[WhiteElo "2334"]
[BlackElo "2400"]
[WhiteFideId "25968343"]
[BlackFideId "769738"]
[EventDate "2025.05.27"]

1. c4 c5 2. g3 Nc6 3. Bg2 g6 4. Nf3 Bg7 5. O-O e6 6. Nc3 Nge7 7. e3 O-O 8. d4
cxd4 9. exd4 d5 10. c5 f6 11. a3 a5 12. Na4 Bd7 13. Nb6 Rb8 14. Re1 Kf7 15. Bf4
Rc8 16. Nxc8 Nxc8 17. b4 g5 18. Bd2 h5 19. b5 N6e7 20. a4 h4 21. Bxg5 hxg3 22.
hxg3 fxg5 23. Nxg5+ Kg8 24. Qh5 Rf6 25. Ra3 Nf5 26. Rf3 Nxd4 27. Rd3 Rf5 28. f4
Qf6 29. Bh3 Ne7 30. Bxf5 Nexf5 31. Qh7+ Kf8 32. Qh3 Qg6 33. Qh7 Qf6 34. Qh5 Kg8
35. Nh7 Qe7 0-1

[Event "Titled Tue 27th May Early"]
[Site "chess.com INT"]
[Date "2025.05.27"]
[Round "9"]
[White "Otdelnov, Kirill"]
[Black "Bruhovich, Olexandr"]
[Result "0-1"]
[WhiteTitle "FM"]
[BlackTitle "CM"]
[WhiteElo "2273"]
[BlackElo "2208"]
[WhiteFideId "24280216"]
[BlackFideId "14119919"]
[EventDate "2025.05.27"]

1. d4 Nf6 2. c4 g6 3. Nc3 Bg7 4. e4 d6 5. Nf3 O-O 6. Be2 e5 7. Be3 Nc6 8. d5 Ne7
9. Nd2 Nd7 10. Rc1 f5 11. f3 Nf6 12. c5 f4 13. Bf2 Bd7 14. Nc4 Nc8 15. b4 g5 16.
a4 h5 17. cxd6 cxd6 18. Nb5 Bxb5 19. axb5 Qd7 20. h3 Qxb5 21. O-O Qd7 22. Qc2 g4
23. hxg4 hxg4 24. Bh4 g3 25. Rfd1 Qf7 26. Kf1 Qh5 27. Ke1 Qxh4 28. Kd2 Nd7 29.
Na5 Qh2 30. Rg1 b6 31. Nb7 Qh4 32. Qc7 Qe7 33. Rc6 a5 34. bxa5 bxa5 35. Nxd6
Nxd6 36. Rxd6 Rfd8 37. Bb5 Rac8 38. Rxd7 Rxc7 39. Rxe7 Rxe7 40. Ra1 Ra7 41. Kc3
Rb8 42. Kc4 Bf8 43. Ra2 Rc7+ 44. Bc6 Ra7 45. Ra4 Rb4+ 46. Kc3 Rxa4 47. Bxa4 Rb7
48. Kc4 Rb4+ 49. Kc3 Rxa4 0-1

[Event "Titled Tue 27th May Early"]
[Site "chess.com INT"]
[Date "2025.05.27"]
[Round "9"]
[White "Yang, Kaiqi"]
[Black "Pavlidou, Ekaterini"]
[Result "1-0"]
[WhiteTitle "GM"]
[BlackTitle "WIM"]
[WhiteElo "2481"]
[BlackElo "2198"]
[WhiteFideId "8604398"]
[BlackFideId "4213262"]
[EventDate "2025.05.27"]

1. e4 c5 2. Nf3 Nc6 3. Bb5 g6 4. Bxc6 dxc6 5. d3 Bg7 6. h3 e5 7. Be3 Qe7 8. Qd2
Nf6 9. a3 a5 10. a4 O-O 11. Na3 Nd7 12. Bh6 f5 13. Bxg7 Kxg7 14. Nc4 f4 15. Nxa5
Rf6 16. O-O b6 17. Nc4 Ba6 18. Qc3 Re8 19. a5 b5 20. Nb6 Nf8 21. Rab1 b4 22. Qd2
Rd6 23. Qe2 g5 24. Nd2 Ne6 25. Nbc4 Nd4 26. Qd1 Bxc4 27. Nxc4 f3 28. Nxd6 Qxd6
29. c3 Ne2+ 30. Kh2 Qe6 31. Rh1 Rf8 32. gxf3 Nf4 33. Kg1 h5 34. cxb4 cxb4 35.
Rc1 Rd8 36. a6 Rxd3 37. Qf1 Rxf3 38. a7 Qa2 39. Ra1 Qxb2 40. a8=Q Ne2+ 41. Kg2 1-0

[Event "Titled Tue 27th May Early"]
[Site "chess.com INT"]
[Date "2025.05.27"]
[Round "9"]
[White "Smirnova, Ekaterina"]
[Black "Mateus, Martha"]
[Result "0-1"]
[WhiteTitle "WIM"]
[BlackTitle "WIM"]
[WhiteElo "2096"]
[BlackElo "1963"]
[WhiteFideId "4110943"]
[BlackFideId "4401549"]
[EventDate "2025.05.27"]

1. d4 Nf6 2. c4 e6 3. Nf3 d5 4. Nc3 Bb4 5. cxd5 exd5 6. Qa4+ Nc6 7. Bg5 h6 8.
Bh4 g5 9. Bg3 Ne4 10. Rc1 h5 11. Ne5 Bxc3+ 12. bxc3 h4 13. Nxc6 bxc6 14. Qxc6+
Bd7 15. Qxd5 Nf6 16. Qe5+ Kf8 17. Qc5+ Qe7 18. Qxe7+ Kxe7 19. Bxc7 Rac8 20. Be5
Be6 21. a3 Rhd8 22. Bxf6+ Kxf6 23. e4 Rxd4 24. e5+ Ke7 25. Be2 Re4 26. f3 Rxe5
27. Kf2 Rec5 28. c4 Bxc4 29. Bxc4 Rxc4 30. Rhe1+ Kf6 31. Rcd1 Rc2+ 32. Kf1 Ra2
33. Rd6+ Kg7 34. Rd5 Kg6 35. Rd6+ f6 36. Ra6 Rcc2 37. Ree6 Rc1+ 38. Re1 Rcc2 39.
Ree6 Ra1+ 40. Re1 Rxe1+ 41. Kxe1 Rxg2 42. Rxa7 Rxh2 43. a4 Ra2 44. a5 h3 45. Kf1
h2 0-1

[Event "Titled Tue 27th May Early"]
[Site "chess.com INT"]
[Date "2025.05.27"]
[Round "9"]
[White "Hajiyev, Kanan"]
[Black "Diaz Vasquez, Martin"]
[Result "1-0"]
[WhiteTitle "FM"]
[BlackTitle "CM"]
[WhiteElo "2197"]
[BlackElo "2266"]
[WhiteFideId "13404148"]
[BlackFideId "3410579"]
[EventDate "2025.05.27"]

1. d4 d5 2. c4 Bf5 3. cxd5 Bxb1 4. Qa4+ c6 5. dxc6 Nxc6 6. Rxb1 e5 7. Nf3 exd4
8. b4 a5 9. b5 Bb4+ 10. Bd2 Bxd2+ 11. Nxd2 Nce7 12. g3 Qd5 13. Nf3 Nf6 14. Bg2
d3 15. O-O dxe2 16. Rfe1 O-O 17. Nd4 Qd7 18. Rxe2 Ned5 19. Qb3 a4 20. Qf3 Rac8
21. Rbe1 Nc3 22. Rd2 Rfe8 23. Rxe8+ Qxe8 24. Qe3 Qxe3 25. fxe3 Ncd5 26. Nf5 Rc1+
27. Kf2 Rc5 28. Bxd5 Nxd5 29. Rxd5 Rc2+ 30. Kf3 g6 31. Nh6+ Kg7 32. Ng4 h5 33.
Ne5 Rxa2 34. Rd7 Rxh2 35. Rxf7+ Kg8 36. Rxb7 a3 37. Nxg6 Rh1 38. Ra7 Rb1 39.
Rxa3 Rxb5 40. Nf4 Kg7 41. Rd3 Kh6 42. Rd6+ Kh7 43. Rd5 1-0

[Event "Titled Tue 27th May Early"]
[Site "chess.com INT"]
[Date "2025.05.27"]
[Round "9"]
[White "Arabidze, Meri"]
[Black "Vafin, Ayrat"]
[Result "1-0"]
[WhiteTitle "IM"]
[BlackTitle "FM"]
[WhiteElo "2440"]
[BlackElo "2302"]
[WhiteFideId "13604040"]
[BlackFideId "4146530"]
[EventDate "2025.05.27"]

1. d4 d5 2. c4 e6 3. Nc3 Be7 4. Nf3 Nf6 5. Bf4 b6 6. e3 O-O 7. Be2 Bb7 8. O-O
Nbd7 9. a3 h6 10. cxd5 Nxd5 11. Nxd5 Bxd5 12. b4 c5 13. dxc5 bxc5 14. b5 Bf6 15.
Rb1 Qa5 16. e4 Bxe4 17. Qxd7 Bxb1 18. Rxb1 Qxa3 19. Qd3 Qa2 20. Qe4 Rad8 21. Bd3
Rfe8 22. h4 Kf8 23. Be3 Bd4 24. Nxd4 cxd4 25. Bxd4 f5 26. Bc5+ Kf7 27. Qb7+ Kg8
28. Qf3 Rd5 29. Rc1 Red8 30. Bc4 Qb2 31. Ba3 Qe5 32. Bxd5 Rxd5 33. Qe3 Rxb5 34.
Qxe5 Rxe5 35. Bc5 Rd5 36. Bxa7 Kf7 37. Be3 1-0

[Event "Titled Tue 27th May Early"]
[Site "chess.com INT"]
[Date "2025.05.27"]
[Round "9"]
[White "Erece, Ece Alkim"]
[Black "Sabatier, Mathis"]
[Result "0-1"]
[WhiteTitle "WCM"]
[BlackTitle "CM"]
[WhiteElo "1843"]
[BlackElo "2235"]
[WhiteFideId "6346006"]
[BlackFideId "26029685"]
[EventDate "2025.05.27"]

1. e4 e5 2. Nf3 Nc6 3. Bc4 Nf6 4. d3 Be7 5. O-O O-O 6. a4 d5 7. exd5 Nxd5 8. Re1
Bg4 9. c3 Nb6 10. Bb5 a6 11. Bxc6 bxc6 12. h3 Bh5 13. Rxe5 Bg6 14. d4 c5 15. Qe1
Bf6 16. Rxc5 Re8 17. Be3 Nd5 18. Nbd2 Rb8 19. Nc4 Nf4 20. Nce5 Nd3 21. Nxd3 Bxd3
22. Qd2 Be4 23. Ne5 Qd6 24. b4 Bxe5 25. dxe5 Qg6 26. f4 Rbd8 27. Qf2 Rd3 28. Re1
Red8 29. Bd4 Ba8 30. f5 Qg5 31. e6 Bxg2 32. exf7+ Kxf7 33. Rxc7+ Kf8 34. Bxg7+
Kg8 35. Bf6 Qxf6 36. Qxg2+ Kf8 37. Ree7 Rd1+ 38. Kh2 R1d2 39. Rxh7 Rxg2+ 40.
Kxg2 Rd2+ 41. Kg3 Qg5+ 42. Kf3 Qxf5+ 43. Ke3 Qd3+ 44. Kf4 Rf2+ 45. Ke5 Rf5+ 46.
Ke6 Qd5# 0-1

[Event "Titled Tue 27th May Early"]
[Site "chess.com INT"]
[Date "2025.05.27"]
[Round "9"]
[White "Ramirez Gonzalez, Maria Jose"]
[Black "Ejsymont, Blanka"]
[Result "0-1"]
[WhiteTitle "WFM"]
[BlackTitle "WCM"]
[WhiteElo "1849"]
[BlackElo "1907"]
[WhiteFideId "6503349"]
[BlackFideId "21088268"]
[EventDate "2025.05.27"]

1. d4 d5 2. c4 e6 3. g3 dxc4 4. Bg2 c5 5. Qa4+ Qd7 6. Qxc4 cxd4 7. Nf3 Nc6 8.
O-O Nf6 9. e3 e5 10. exd4 exd4 11. Re1+ Be7 12. Ng5 O-O 13. Na3 h6 14. Ne4 Nxe4
15. Bxe4 Bf6 16. Nb5 a6 17. Na3 Ne5 18. Qb3 Qd6 19. Bf4 Be6 20. Qxb7 Rab8 21.
Bxe5 Bxe5 22. Qc6 Rxb2 23. Nc4 Bxc4 24. Qxc4 Rfb8 25. Bd5 Qf6 26. Rf1 R2b4 27.
Qc6 Qxc6 28. Bxc6 d3 29. Rad1 Rd8 30. a3 Rb3 31. a4 d2 32. f4 Bd4+ 33. Kg2 Bc3
34. Rf3 Ra3 35. Re3 Bb2 36. Rxa3 Bxa3 37. Kf2 Bb4 38. Ke2 Rd6 39. Be4 Re6 40.
Kf3 g6 41. Bd5 Re1 42. Bb3 Kg7 43. h4 f5 44. Kf2 Bc5+ 45. Kf3 Re3+ 46. Kf2 Rxb3+ 0-1